Cờ vua : Những điều căn bản

Gespeichert in:
Bibliographische Detailangaben
1. Verfasser: Quang Thông
Format: Buch
Sprache:Undetermined
Veröffentlicht: Cà Mau Mũi Cà Mau 2004
Schlagworte:
Tags: Tag hinzufügen
Keine Tags, Fügen Sie den ersten Tag hinzu!
Thư viện lưu trữ: Trung tâm Học liệu Trường Đại học Cần Thơ
LEADER 00507nam a2200205Ia 4500
001 CTU_94035
008 210402s9999 xx 000 0 und d
020 |c 23000 
082 |a 794.1 
082 |b Qu106 
100 |a Quang Thông 
245 0 |a Cờ vua : 
245 0 |b Những điều căn bản 
245 0 |c Quang Thông 
260 |a Cà Mau 
260 |b Mũi Cà Mau 
260 |c 2004 
650 |a Chess 
904 |i Minh 
980 |a Trung tâm Học liệu Trường Đại học Cần Thơ